书目信息 |
| 题名: |
体育运动场地
|
|
| 作者: | 叶国栋 , 叶国栋 编 | |
| 分册: | ||
| 出版信息: | 北京 人民体育出版社 1981 |
|
| 页数: | 276页 | |
| 开本: | 21cm | |
| 丛书名: | ||
| 单 册: | ||
| 中图分类: | G818.1 | |
| 科图分类: | ||
| 主题词: | 场地(体育) | |
| 电子资源: | ||
| ISBN: | ||
| 000 | 00667nam0 2200241 45 | |
| 001 | 0181009119 | |
| 005 | 20060815090203.18 | |
| 010 | @dCNY1.65 | |
| 091 | @a7015.1970 | |
| 100 | @a19950424d1981 em y0chiy0121 ea | |
| 101 | 0 | @achi |
| 102 | @aCN@b110000 | |
| 105 | @aa 000yy | |
| 200 | 10 | @a体育运动场地@Ati yu yun dong chang di@f叶国栋编著@FYe Guo Dong Bian Zhu |
| 210 | @a北京@c人民体育出版社@d1981 | |
| 215 | @a276页@c表格@d21cm | |
| 606 | @a场地(体育) | |
| 690 | @aG818.1@v3 | |
| 701 | 0 | @a叶国栋@Aye guo dong@4编 |
| 701 | 0 | @a叶国栋@4编著 |
| 801 | 0 | @aCN@b上海图书馆@c20060815 |
| 801 | 2 | @aCN@bNLC@c20060811 |
| 905 | @dG818.1@e1@f1@b54313@f1@b54314 | |
| 体育运动场地/叶国栋编著.-北京:人民体育出版社,1981 |
| 276页:表格;21cm |
| ISBN :CNY1.65 |
| ● |
| 相关链接 |
|
|
|
|
正题名:体育运动场地
索取号:G818.1/1
 
预约/预借
| 序号 | 登录号 | 条形码 | 馆藏地/架位号 | 状态 | 备注 |
| 1 | 0054313 | 000299643 | 密集书库/ [索取号:G818.1/1] | 在馆 | |
| 2 | 0054314 | 000776351 | 第四借阅区/ [索取号:G818.1/1] | 在馆 | |
| 3 | 0054315 | 001465729 | 第一样本阅览室/ [索取号:G818.1/1] | 在馆 | |
| 4 | 0448810 | 204488107 | 密集书库/ [索取号:G818.1/1] | 在馆 | |
| 5 | 0460127 | 204601270 | 密集书库/ [索取号:G818.1/1] | 在馆 | |
| 6 | 0460128 | 204601289 | 密集书库/ [索取号:G818.1/1] | 在馆 |